000 00495nam a2200145Ia 4500
008 100204s9999 xx 000 0 und d
082 _b10165
100 _aभातम्ब्रेकर प्रकाश
245 _aसौदे शरीराचे
260 _b"डिंंंंप्ंाल पब्लिकेशन, वसई"
_c1982
300 _a176
630 _aसौदे शरीराचे
730 _aसौदे शरीराचे
942 _cBOOK
999 _c454601
_d454598